| 000 | 00505nam a22001817a 4500 | ||
|---|---|---|---|
| 003 | CEME | ||
| 005 | 20210628203453.0 | ||
| 008 | 210119b xxu||||| |||| 00| 0 eng d | ||
| 020 | _a81-7758-479-0 | ||
| 040 | _cceme | ||
| 082 | _a621.367 ANN | ||
| 100 |
_aAnnadurai, S., Shanmugalakshmi, R _965649 |
||
| 245 | _aFundamentals of digital image processing | ||
| 260 |
_aINDIA _bPEARSON EDUCATION INDIA _c2007 |
||
| 300 | _aXVIII,422P | ||
| 650 |
_aDIGITAL IMAGE PROCESSING.DIP _959446 |
||
| 942 |
_cBK _2ddc |
||
| 999 |
_c573801 _d573801 |
||